| 000 | 00957cam a2200349 4500 | ||
|---|---|---|---|
| 001 | ABS63409 | ||
| 008 | 000000n2001 000 0 eng u | ||
| 035 | _a(Sirsi) u110770 | ||
| 245 | _aRegional survey: North-west | ||
| 260 | _c2001 | ||
| 490 |
_aProperty Week _v66(4) 26 January 2001, 39-64(11) |
||
| 590 | _aABS | ||
| 650 | _aBIRKENHEAD | ||
| 650 | _aBOLTON | ||
| 650 | _aCARLISLE | ||
| 650 | _aCHORLEY | ||
| 650 | _aCHESTER | ||
| 650 | _aINDUSTRIAL MARKET | ||
| 650 | _aLIVERPOOL | ||
| 650 | _aMANCHESTER | ||
| 650 | _aNORTH-WEST | ||
| 650 | _aPROPERTY-COMMERCIAL PROPERTY-OFFICE PROPERTY-OFFICE PROPERTY MARKET | ||
| 650 | _aPRESTON | ||
| 650 | _aPROPERTY-COMMERCIAL PROPERTY-RETAIL PROPERTY-RETAIL PROPERTY MARKET | ||
| 650 | _aROCHDALE | ||
| 650 | _aRUNCORN | ||
| 650 | _aSOUTHPORT | ||
| 650 | _aSTOCKPORT | ||
| 650 | _aWARRINGTON | ||
| 690 | _aPROPERTY-COMMERCIAL PROPERTY-COMMERCIAL PROPERTY MARKET | ||
| 942 | _n0 | ||
| 999 |
_c66031 _d66031 |
||